Eastern Utah Libraries Catalog: Duchesne, Heber, Roosevelt, & Vernal

Life as we know it (can be) : (Record no. 404844)

MARC details
000 -LEADER
fixed length control field 01708nam a2200397 i 4500
001 - CONTROL NUMBER
control field 3432321
005 - DATE AND TIME OF LATEST TRANSACTION
control field 20250226112420.0
008 - FIXED-LENGTH DATA ELEMENTS--GENERAL INFORMATION
fixed length control field 240409s2024 cau b 000 0 eng d
010 ## - LIBRARY OF CONGRESS CONTROL NUMBER
LC control number 2024930221
020 ## - INTERNATIONAL STANDARD BOOK NUMBER
International Standard Book Number 9781797213613 :
Terms of availability $27.95
020 ## - INTERNATIONAL STANDARD BOOK NUMBER
International Standard Book Number 179721361X :
Terms of availability $27.95
035 ## - SYSTEM CONTROL NUMBER
System control number (OCoLC)1393524315
035 ## - SYSTEM CONTROL NUMBER
System control number (OCoLC)on1393524315
040 ## - CATALOGING SOURCE
Original cataloging agency PABRO
Language of cataloging eng
Description conventions rda
Transcribing agency PABRO
050 #4 - LIBRARY OF CONGRESS CALL NUMBER
Classification number QC903
Item number .W45 2024
082 04 - DEWEY DECIMAL CLASSIFICATION NUMBER
Classification number 304.2/5
Edition number 23
092 ## - LOCALLY ASSIGNED DEWEY CALL NUMBER (OCLC)
Classification number general nonfiction
Item number 304.25 Weir
100 1# - MAIN ENTRY--PERSONAL NAME
Personal name Weir, Bill,
Relator term author.
9 (RLIN) 6539592
245 10 - TITLE STATEMENT
Title Life as we know it (can be) :
Remainder of title stories of people, climate, and hope in a changing world /
Statement of responsibility, etc Bill Weir, CNN's chief climate correspondent and host of the Wonder List.
264 #1 - Production, Publication, Distribution, Manufacture, and Copyright Notice.
Place of production, publication, distribution, manufacture San Francisco, California :
Name of producer, publisher, distributor, manufacturer Chronicle Prism,
Date of production, publication, distribution, manufacture, or copyr [2024]
300 ## - PHYSICAL DESCRIPTION
Extent xvii, 232 pages ;
Dimensions 24 cm
336 ## - Content Type
Content type term text
337 ## - Media type
Media type term unmediated
338 ## - Carrier type
Carrier type term volume
504 ## - BIBLIOGRAPHY, ETC. NOTE
Bibliography, etc Includes bibliographical references (pages 213-229).
650 #0 - SUBJECT ADDED ENTRY--TOPICAL TERM
Topical term or geographic name as entry element Climatic changes
General subdivision Social aspects.
9 (RLIN) 6446895
650 #0 - SUBJECT ADDED ENTRY--TOPICAL TERM
Topical term or geographic name as entry element Climatic changes.
650 #0 - SUBJECT ADDED ENTRY--TOPICAL TERM
Topical term or geographic name as entry element Nature
General subdivision Effect of human beings on.
9 (RLIN) 87268
650 #7 - SUBJECT ADDED ENTRY--TOPICAL TERM
Topical term or geographic name as entry element BIOGRAPHY & AUTOBIOGRAPHY / Editors, Journalists, Publishers.
Source of heading or term bisacsh
9 (RLIN) 5753765
650 #7 - SUBJECT ADDED ENTRY--TOPICAL TERM
Topical term or geographic name as entry element HEALTH & FITNESS / Healthy Living & Personal Hygiene.
Source of heading or term bisacsh
9 (RLIN) 6448705
650 #7 - SUBJECT ADDED ENTRY--TOPICAL TERM
Topical term or geographic name as entry element NATURE / Environmental Conservation & Protection.
Source of heading or term bisacsh
9 (RLIN) 5733577
942 ## - ADDED ENTRY ELEMENTS (KOHA)
Source of classification or shelving scheme Dewey Decimal Classification
Koha item type BOOK
Holdings
Withdrawn status Lost status Source of classification or shelving scheme Damaged status Not for loan Collection code Home library Current library Shelving location Date acquired Source of acquisition Total Checkouts Total Renewals Full call number Barcode Date last seen Date checked out Cost, replacement price Price effective from Koha item type
    Dewey Decimal Classification     General NonFiction Wasatch County Library Wasatch County Library Second Floor 02/26/2025 Amazon 4 1 304.25 Weir 34301002147132 03/03/2026 05/27/2025 27.95 02/26/2025 BOOK
This project was made possible through a grant from the Institute of Museum and Library Service administered by the Utah State Library Division.

Wasatch County Library

  • 465 East 1200 South, Heber City, Utah 84032
  • Phone 435-654-1511 | Fax 435-654-6456

Hours

  • Monday - Friday 9:30 AM - 8:00 PM
  • Saturday 9:30 AM - 1:30 PM
  • Closed Sundays and Holidays